000 00338nam a22001217a 4500
008 180606b xxu||||| |||| 00| 0 eng d
041 _aeng
080 _a043.3
100 _a0
101 _aMBE-BTH
245 _aPërmirësimi i performancës së biznesit me anë të dizajnimit të procesit të biznesit
_cLubishtani,E
942 _2udc
_cBK
999 _c46366
_d46366